000
00258nam a2200109Ia 4500
008
190912s9999||||xx |||||||||||||| ||und||
100
_a
Smith, Richard
245
0
_a
Internet Cryptography
260
_a
England
_b
McGraw Hill
_c
2000
300
_a
356
942
_c
BK
999
_c
7462
_d
7462